00771nam a2200205 a 4500003000900000005001700009007000300026008004100029020001800070040002500088082001400113100002600127245008600153260004700239300004900286500006400335500005800399504004600457650006200503DO-SdBNP20220610095124.0ta220607e2020 dr aoh|gr|||| 001 0dspa d a9789945806915 aDO-SdBNPbspacBNPHU 4222bB639a1 aBlanchard, Juan Lulio10aApuntes para la historia de la física en Santo Domingo. /cJuan Lulio Blanchard aSanto Domingo :bUniversitaria UASD,c2020 a274 p. :bil., fotogr., facsímil ;c23 cm. aIncluye datos biográficos del autor en la contracubierta. aIncluye bibliografía y notas al pié de páginas. aReferencias bibliográficas: p. 273- 274 4aFísicaxHistoriazSanto Domingo, República Dominicana